| 000 | 00963 a2200313 4500 | ||
|---|---|---|---|
| 001 | 112283 | ||
| 020 | _a9780544176744 | ||
| 020 | _a9781518147692 | ||
| 041 | _apor | ||
| 090 | _aYear 3 [E] | ||
| 250 | _a. ed. | ||
| 300 | _a24 p. | ||
| 697 | _aAquariums - Fiction. | ||
| 697 | _aAquariums, Public | ||
| 697 | _aCurious George (Fictional character) - Fiction. | ||
| 697 | _aMarine animals | ||
| 697 | _aCurious George (Fictitious character) | ||
| 697 | _aMarine animals - Fiction. | ||
| 697 | _aMonkeys - Fiction. | ||
| 697 | _aAquariums, Public - Fiction. | ||
| 697 | _aCurious George (Fictitious character) - Fiction. | ||
| 697 | _aMonkeys | ||
| 856 | _u000020/000020ad.jpg | ||
| 040 |
_aBR-BrIDEA _cBR-BrIDEA |
||
| 245 | 1 | 0 |
_aMargret & H.A. Rey's Curious George at the aquarium _c R. P. (Robert Pierce) Anderson |
| 260 |
_a[S.l.] _bHoughton Mifflin Harcourt _c2007 |
||
| 700 |
_aAnderson, R. P. _d1969 _e(Robert Pierce) |
||
| 942 | _cBK | ||
| 999 |
_c112283 _d112283 |
||